| 000 | 05372 a2200253 4500 | ||
|---|---|---|---|
| 003 | NALT | ||
| 005 | 20260302141052.0 | ||
| 008 | 250514b th ||||| |||| 00| 0 tha d | ||
| 020 | _a9786165813921 | ||
| 040 | _aNALT | ||
| 090 |
_aKE 11 _bณ361ห 2567 |
||
| 100 | 0 |
_aณัฐวุฒิ คล้ายขำ _960494 |
|
| 245 | 1 | 0 |
_aหลักการสำคัญเกี่ยวกับกฎหมายมหาชน : _bพร้อมคำพิพากษา คำวินิจฉัย และความเห็นที่สำคัญ / _cณัฐวุฒิ คล้ายขำ. |
| 246 | 1 | 4 | _aหลักการสำคัญเกี่ยวกับกฎหมายมหาชน พร้อมคำพิพากษา คำวินิจฉัย และความเห็นที่สำคัญ |
| 246 | 1 | 8 | _aหลักการสำคัญเกี่ยวกับกฎหมายมหาชน. |
| 260 |
_aกรุงเทพฯ : _bวิญญูชน, _c2567. |
||
| 300 |
_a171 หน้า : _bภาพประกอบ, ตาราง ; _c26 ซม. |
||
| 505 | 2 | _aคำแนะนำในการใช้หนังสือ -- หลักการสำคัญเกี่ยวกับกฎหมายมหาชน -- 1. หลักกฎหมายไม่มีผลย้อนหลังให้เป็นผลร้าย -- 2. หลักการกระจายอำนาจทางปกครอง -- 3. หลักการควบคุมความชอบด้วยกฎหมายของการกระทำทางปกครองโดยฝ่ายตุลาการ -- 4. หลักการควบคุมภายในฝ่ายปกครอง -- 5. หลักการควบคุมฝ่ายปกครองโดยองค์กรพิเศษ -- 6. หลักการจัดลำดับศักดิ์ของกฎหมาย -- 7. หลักการจำแนกกฎหมายมหาชนและเอกชน -- 8. หลักการจำแนกผู้สั่งจ่ายและผู้จ่ายเงินออกจากกันในประเทศฝรั่งเศส -- 9. หลักการแบ่งแยกอำนาจอธิปไตย -- 10. หลักการแบ่งอำนาจทางปกครอง -- 11. หลักการมีสิทธิรับรู้และเข้าถึงข้อมูลข่าวสารของราชการ -- 12. หลักการไม่อาจแบ่งแยกได้ของรัฐเดี่ยว -- 13. หลักการรวมอำนาจทางปกครอง -- 14. หลักความชอบด้วยกฎหมายของการกระทำทางปกครอง -- 15. หลักความชอบด้วยรัฐธรรมนูญของกฎหมายลำดับรอง -- 16. หลักความได้สัดส่วน -- 17. หลักความต่อเนื่องของบริการสาธารณะ -- 18. หลักความเป็นกฎหมายสูงสุดของรัฐธรรมนูญ -- 19. หลักความเป็นกลาง -- 20. หลักความเป็นกลางทางศาสนา -- 21. หลักความเป็นอิสระขององค์กรปกครองส่วนท้องถิ่น -- 22. หลักความมั่นคงแน่นอนของกฎหมาย -- 23. หลักความสามารถทั่วไปขององค์กรปกครองส่วนท้องถิ่น -- 24. หลักความเสมอภาค -- 25. หลักนิติรัฐและนิติธรรม -- 26. หลักบริการสาธารณะต้องปรับปรุงเปลี่ยนแปลงได้ -- 27. หลักว่าด้วยการกระทำทางรัฐบาล -- 28. หลักว่าด้วยการควบคุมกิจกรรมทางเศรษฐกิจโดยรัฐ -- 29. หลักว่าด้วยการควบคุมทางการคลัง -- 30. หลักว่าด้วยการแทรกแซงทางเศรษฐกิจโดยรัฐ -- 31. หลักว่าด้วยการรับรองและจำกัดสิทธิและเสรีภาพของประชาชน -- 32. หลักว่าด้วยเอกสิทธิ์ของรัฐ -- 33. หลักว่าด้วยอำนาจสถาปนารัฐธรรมนูญ และอำนาจสถาปนารัฐธธรรมนูญที่ได้รับมา. | |
| 650 | 4 |
_aกฎหมายมหาชน _92028 |
|
| 942 |
_cLB _2local |
||
| 996 |
_avaree.k _bLIBSTF _c2025-05-14 |
||
| 996 |
_asaiphon.d _bCATSTF _c2025-05-28 |
||
| 999 |
_c106580 _d106580 |
||
| 998 |
_j8 _k นายบัณฑิต อุทาวงค์ |
||